000 00397nam a2200157Ia 4500
008 231217s9999 xx 000 0 und d
041 _aEnglish
082 _a1.64 STI R
100 _aStigler, M Shane Linsenbandt, Mark A
245 0 _aIIS 4 and proxy server 2
250 _a1st ed.
260 _c1999
_bBPB
_aNew Delhi
300 _axxiv+417
650 _aIIS,4,proxy,server
942 _cAA
999 _c176038
_d176038